Southville International School and Colleges
Your cart is empty.
  • Cart
  • Lists
    Public lists Eva Luna New books Lux_list list_1
    Your lists Log in to create your own lists
  • Log in to your account
  • Your cookies
  • Search history
Southville International School and Colleges
  • Advanced search
  • Recent comments
  • Most popular
  • Libraries

Log in to your account

Log in with GOOGLE


If you do not have an external account, but do have a local account, you can still log in:

  1. Home
  2. MARC view: Dating :
Normal view MARC view ISBD view

Dating : (Record no. 6867)

[ view plain ]
MARC details
000 -LEADER
fixed length control field 01240cam a2200361 a 4500
001 - CONTROL NUMBER
control field 11913668
003 - CONTROL NUMBER IDENTIFIER
control field OSt
005 - DATE AND TIME OF LATEST TRANSACTION
control field 20140310181918.0
008 - FIXED-LENGTH DATA ELEMENTS--GENERAL INFORMATION
fixed length control field 000215s1999 ohu b 001 0 eng d
010 ## - LIBRARY OF CONGRESS CONTROL NUMBER
LC control number 00551038
020 ## - INTERNATIONAL STANDARD BOOK NUMBER
International Standard Book Number 1577484916 (pbk.)
035 ## - SYSTEM CONTROL NUMBER
System control number (OCoLC)ocm41551292
040 ## - CATALOGING SOURCE
Original cataloging agency HRF
Transcribing agency HRF
Modifying agency DLC
042 ## - AUTHENTICATION CODE
Authentication code lccopycat
050 00 - LIBRARY OF CONGRESS CALL NUMBER
Classification number HQ 801
Item number .D337 1999
082 00 - DEWEY DECIMAL CLASSIFICATION NUMBER
Classification number TR 646.78
Item number D26 2000
245 00 - TITLE STATEMENT
Title Dating :
Remainder of title clues for the clueless /
Statement of responsibility, etc Christopher D. Hudson ... [et al.].
260 ## - PUBLICATION, DISTRIBUTION, ETC. (IMPRINT)
Place of publication, distribution, etc Uhrichsville, OH :
Name of publisher, distributor, etc Promise Press,
Date of publication, distribution, etc c1999.
300 ## - PHYSICAL DESCRIPTION
Extent xii, 241 p. :
Other physical details ill. ;
Dimensions 17 cm.
500 ## - GENERAL NOTE
General note "God's word in your world"--Cover.
504 ## - BIBLIOGRAPHY, ETC. NOTE
Bibliography, etc Includes bibliographical references (p. 232) and index.
521 ## - TARGET AUDIENCE NOTE
Target audience note
541 ## - IMMEDIATE SOURCE OF ACQUISITION NOTE
-- 1
562 ## - COPY AND VERSION IDENTIFICATION NOTE
Number of copies 1
650 #0 - SUBJECT ADDED ENTRY--TOPICAL TERM
Topical term or geographic name as entry element Dating (Social customs)
9 (RLIN) 1291
650 #0 - SUBJECT ADDED ENTRY--TOPICAL TERM
Topical term or geographic name as entry element Man-woman relationships.
9 (RLIN) 1292
650 #0 - SUBJECT ADDED ENTRY--TOPICAL TERM
Topical term or geographic name as entry element Courtship.
9 (RLIN) 1293
650 #0 - SUBJECT ADDED ENTRY--TOPICAL TERM
Topical term or geographic name as entry element Mate selection.
9 (RLIN) 1294
700 1# - ADDED ENTRY--PERSONAL NAME
Personal name Hudson, Christopher D.
9 (RLIN) 1295
906 ## - LOCAL DATA ELEMENT F, LDF (RLIN)
a 7
b cbc
c copycat
d 2
e ncip
f 20
g y-gencatlg
942 ## - ADDED ENTRY ELEMENTS (KOHA)
Source of classification or shelving scheme Library of Congress Classification
Koha item type
Call number prefix
Holdings
Withdrawn status Lost status Source of classification or shelving scheme Damaged status Home library Current library Shelving location Date acquired Total Checkouts Full call number Barcode Date last seen Date checked out Copy number Price effective from Koha item type
    Library of Congress Classification   Luxembourg Library Luxembourg Library Teachers Reference Section 07/17/2013 1 HQ 801 .D337 1999 15996 10/08/2018 10/04/2018 1 07/17/2013 Books

Dating :

APA

Hudson C. D., . (1999). Dating. Uhrichsville, OH: Promise Press.

Chicago

Hudson Christopher D, . 1999. Dating. Uhrichsville, OH: Promise Press.

Harvard

Hudson C. D., . (1999). Dating. Uhrichsville, OH: Promise Press.

MLA

Hudson Christopher D, . Dating. Uhrichsville, OH: Promise Press. 1999.

  • Place hold
  • Print
  • Cite
  • Add to your cart (remove)
  • Save record
    BIBTEX Dublin Core MARCXML MARC (non-Unicode/MARC-8) MARC (Unicode/UTF-8) MARC (Unicode/UTF-8, Standard) MODS (XML) RIS
  • More searches
    Search for this title in:
    Other Libraries (WorldCat) Other Databases (Google Scholar) Online Stores (Bookfinder.com) Open Library (openlibrary.org)

Exporting to Dublin Core...

SOUTHVILLE LIBRARY

Southville International School and Colleges Library

1281 Tropical Ave. Cor. Luxembourg St., BF Homes International, Las Pinas City

Tel. No. 8256374 / 252358 Loc. 117/146

Powered by Koha